Kerb appeal (Record no. 118155)

MARC details
000 -LEADER
fixed length control field 01218cam a2200229 4500
001 - CONTROL NUMBER
control field WB@3612-506
008 - FIXED-LENGTH DATA ELEMENTS--GENERAL INFORMATION
fixed length control field 041014n2004 000 0 eng u
035 ## - SYSTEM CONTROL NUMBER
System control number (Sirsi) u127694
245 ## - TITLE STATEMENT
Title Kerb appeal
260 ## - PUBLICATION, DISTRIBUTION, ETC.
Date of publication, distribution, etc. 2004
490 ## - SERIES STATEMENT
Series statement Estate Agency News
Volume/sequential designation (205) October 2004, 8(1)
520 ## - SUMMARY, ETC.
Summary, etc. According to a new survey by the property website assertahome.com, the type of vehicle parked on the street or in a driveway can make a marked difference to local property prices. Living next door to a caravan owner or truck driver will adversely affect house prices if they keep these eyesores at home. A HGV lorry parked next door could result in a 16% reduction in property price, a caravan or camper van a 12% drop and white vans an 11% drop. On the flip side of this is that if you live in a street with a Range Rover or 4x4 parked outside, your property could increase by 9%. Kerb-to-kerb prestige cars indicate a super-premium area where house prices are already high.
590 ## - LOCAL NOTE (RLIN)
Local note WB
590 ## - LOCAL NOTE (RLIN)
Local note WB
650 ## - SUBJECT ADDED ENTRY--TOPICAL TERM
Topical term or geographic name entry element HOUSING DESIGN
650 ## - SUBJECT ADDED ENTRY--TOPICAL TERM
Topical term or geographic name entry element RESIDENTIAL PROPERTY
9 (RLIN) 6266
650 ## - SUBJECT ADDED ENTRY--TOPICAL TERM
Topical term or geographic name entry element PROPERTY VALUES
650 ## - SUBJECT ADDED ENTRY--TOPICAL TERM
Topical term or geographic name entry element HOMEBUYERS
650 ## - SUBJECT ADDED ENTRY--TOPICAL TERM
Topical term or geographic name entry element NEIGHBOURHOOD
690 ## - LOCAL SUBJECT ADDED ENTRY--TOPICAL TERM (OCLC, RLIN)
Topical term or geographic name as entry element HOUSING-MARKET
942 ## - ADDED ENTRY ELEMENTS (KOHA)
Suppress in OPAC 0
Holdings
Withdrawn status Lost status Source of classification or shelving scheme Damaged status Not for loan Home library Current library Shelving location Date acquired Total Checkouts Full call number Barcode Date last seen Copy number Price effective from Koha item type
    Dewey Decimal Classification     London London News article 14/10/2004   WB4039-07 127694-1001 06/08/2019 1 06/08/2019 News article